000 00553nam a2200205Ia 4500
005 20250923144623.0
008 008 250917s9999 xx 000 0 eng d
037 _aTextual
040 _aDSWL
_beng
_cDSWL
041 _aeng
_2eng
084 _aY133, J4
_qDSWL
100 _aEriksen, E.Gordon
_9826707
245 0 _aUrban behavior
_cby E.Gordon Eriksen
260 _aNew York
_bMacmillan Co.
_c1954
300 _axiv,482p.
365 _aINR
_b5.5
925 _g5.5
942 _cTEXL
_hY133, J4
999 _c1441252
_d1441252